OSMALIDAN CUMHURİYETE İKTİDAR OYUNU (Record no. 1064205)

MARC details
000 -LEADER
sabit uzunluktaki kontrol alanı 00266nam a2200097Ia 4500
001 - KONTROL NUMARASI
kontrol alanı 1064205
005 - EN SON İŞLEMİN TARİH VE ZAMANI
kontrol alanı 20250827001711.0
008 - SABİT-UZUNLUKTA VERİ ÖĞELERİ--GENEL BİLGİ
sabit uzunluktaki kontrol alanı 250824s9999 xx 000 0 und d
245 #0 - ESER / YAZAR
ESER ADI OSMALIDAN CUMHURİYETE İKTİDAR OYUNU
Yazar Adı AVNİ ÖZGÜREL
260 ## - YAYIN, DAĞITIM, VB.
YAYIN EVİ KETEBE YAYINLARI
Holdings
Düşüm durumu Kayıp durumu Hasar Durumu Ödünç verilmez Ana kütüphane Geçerli Kütüphane Edinilen tarih Toplam ödünç verme sayısı Barkod Son görüntüleme tarihi Son ödünç verme tarihi Fiyatın geçerli olmaya başladığı tarih Koha materyal türü
        MAHMUT SAMİ RAMAZANOĞLU A.İ.H.L-2 MAHMUT SAMİ RAMAZANOĞLU A.İ.H.L-2 24.08.2025 1 10822736 18.02.2026 16.12.2025 27.08.2025 Books